000 00986 a2200193 4500
001 59509
005 20260407155849.0
008 260407a1970 arg spa d
003 AR-UNSa-BCEJYS
040 _aAR-UNSa-BCEJYS
_bspa
_cAR-UNSa-BCEJYS
080 _a330.56
_xRenta nacional. Producto nacional neto
245 1 0 _aAnáisis de la renta nacional
264 1 _aMadrid :
_bEdiciones Rialp
_c1970
300 _a316 p.
_c22 cm.
505 _a1. Sistemas de clasificación de las cuentas nacionales – 2. ¿Qué es el producto nacional? – 3. Los componentes del output final – 4. El sistema de cuentas – 5. El sistema de cuentas y teoría económica – 6. ¿Qué es lo que hace variar el producto nacional? (I) – 7. ¿Qué es lo que hace variar el producto nacional (II)? – 8. ¿Qué es un “cambio” en el producto nacional? – 9. La medida de los cambios en el producto nacional
942 _cBK
590 _aniveau_biblio:m niveau_hierar:0
100 1 _aBeckerman, W.
999 _c6715
_d6715